000 00641cam a22002411 4500
001 9330094
003 GBCCL
005 20241126110334.0
008 720804s1955 nyu 000 0 eng
010 _a 55011990
035 _a(OCoLC)374035
040 _aDLC
_cODaWU
_dOCoLC
_dDLC
042 _apremarc
050 0 0 _aBJ1401
_b.R5
082 _a179.8
_bRIC
100 1 _aRice, Philip Blair.
_9210
245 1 0 _aOn the knowledge of good and evil.
260 _aNew York :
_bRandom House,
_c[1955]
300 _a299 p.
_c22 cm.
650 0 _aGood and evil.
_9211
906 _a7
_bcbc
_coclcrpl
_du
_encip
_f19
_gy-gencatlg
942 _2ddc
_cBK
_01
999 _c284
_d284